Sports Quiz

Random Sports or WWE Quiz

WWE NXT Rookies Quiz Stats

 Plays Quiz not verified by Sporcle

Challenge
Share
Tweet
Embed
Score 0/16 Timer 03:00
0 Plays Today
Season Rookie % Correct
1Daniel Bryan
93.7%
1Wade Barrett
91.5%
1Heath Slater
88%
1Justin Gabriel
84.5%
1Darren Young
81%
1David Otunga
80.3%
1Michael Tarver
80.3%
1Skip Sheffield
76.1%
Season Rookie % Correct
2Kaval
75.4%
2Alex Riley
69%
2Husky Harris
66.9%
2Eli Cottonwood
62%
2Michael McGillicutty
60.6%
2Percy Watson
60.6%
2Titus O'Neil
60.6%
2Lucky Cannon
57.7%

You're not logged in!

Compare scores with friends on all Sporcle quizzes.
OR
Log In

You Might Also Like...

Show Comments

Extras

Created Jun 13, 2010SourceReportNominate
Tags:WWE Quiz, nxt, pro, rookie, season

Top Quizzes Today


Score Distribution

Your Account Isn't Verified!

In order to create a playlist on Sporcle, you need to verify the email address you used during registration. Go to your Sporcle Settings to finish the process.

Report this User

Report this user for behavior that violates our Community Guidelines.

Details: